[Event "Oberliga Wuerttemberg 2324"]
[Site "Wuerttemberg"]
[Date "2024.03.24"]
[Round "8.8"]
[White "Bader, Gerd"]
[Black "Schuh, Bernd Martin"]
[Result "1/2-1/2"]
[WhiteElo "2035"]
[BlackElo "1972"]
[PlyCount "78"]
[EventDate "2023.09.17"]
[EventType "team-tourn"]
[EventRounds "9"]
[EventCountry "GER"]
[SourceTitle "EXT 2025"]
[Source "ChessBase"]
[SourceDate "2024.10.14"]
[SourceVersion "1"]
[SourceVersionDate "2024.10.14"]
[SourceQuality "1"]
[WhiteTeam "Schwaebisch Gmuend"]
[BlackTeam "Boeblingen"]
[WhiteTeamCountry "GER"]
[BlackTeamCountry "GER"]

1. e4 c5 2. Nc3 Nc6 3. g3 g6 4. Bg2 Bg7 5. d3 d6 6. Be3 e6 7. Qd2 h5 8. h3 Nge7 9. Nge2 Rb8 10. d4 Qa5 11. 0-0 0-0 12. f4 cxd4 13. Nxd4 d5 14. Qf2 dxe4 15. Bxe4 Nd5 16. Nxd5 exd5 17. Bg2 Re8 18. c3 Nxd4 19. Bxd4 Bxd4 20. Qxd4 Bf5 21. Rfe1 Qb5 22. Qd2 Be4 23. Rad1 Re6 24. Re3 Rbe8 25. Rde1 Qb6 26. Kh2 Qc7 27. h4 f5 28. Bf1 Rd8 29. Bb5 d4 30. cxd4 Red6 31. Qc3 Qg7 32. Bc4+ Kf8 33. d5 Qxc3 34. Rxc3 Bxd5 35. Bxd5 Rxd5 36. Rce3 Rd2+ 37. R1e2 Rxe2+ 38. Rxe2 Kf7 39. Kg2 Rd3 1/2-1/2

[Event "Oberliga Wuerttemberg 1819"]
[Site "Wuerttemberg"]
[Date "2019.01.13"]
[Round "5"]
[White "Zeiler, Klaus"]
[Black "Bader, Gerd"]
[Result "1/2-1/2"]
[WhiteElo "1991"]
[BlackElo "2074"]
[PlyCount "73"]
[EventDate "2018.09.23"]
[EventType "team-tourn"]
[EventRounds "9"]
[EventCountry "GER"]
[SourceTitle "EXT 2020"]
[Source "ChessBase"]
[SourceDate "2019.10.17"]
[SourceVersion "1"]
[SourceVersionDate "2019.10.17"]
[SourceQuality "1"]
[WhiteTeam "Stuttgart SF"]
[BlackTeam "Schwaebisch Gmuend"]
[WhiteTeamCountry "GER"]
[BlackTeamCountry "GER"]

1. d4 d6 2. Nf3 g6 3. c4 Bg7 4. Nc3 Nd7 5. e3 e5 6. Be2 Ngf6 7. b4 0-0 8. 0-0 Re8 9. a4 e4 10. Nd2 h5 11. Qc2 Qe7 12. Ba3 Nf8 13. Nd5 Nxd5 14. cxd5 Bf5 15. Rfc1 Rec8 16. b5 Nh7 17. Bb4 Nf6 18. Qb3 h4 19. a5 h3 20. g3 Bg4 21. Bf1 Qd7 22. b6 cxb6 23. axb6 a6 24. Ba3 Bf8 25. Rc7 Rxc7 26. bxc7 Qxc7 27. Rc1 Qd7 28. Nc4 Nxd5 29. Na5 Be6 30. Qxb7 Qxb7 31. Nxb7 Rb8 32. Na5 Rb6 33. Nc4 Rc6 34. Nd2 Rxc1 35. Bxc1 a5 36. Nxe4 Be7 37. Bb2 1/2-1/2

[Event "Staufer op-A 30th"]
[Site "Schwaebisch Gmuend"]
[Date "2018.01.05"]
[Round "7"]
[White "Taras, Marian"]
[Black "Bader, Gerd"]
[Result "1-0"]
[WhiteElo "2004"]
[BlackElo "2105"]
[PlyCount "87"]
[EventDate "2018.01.02"]
[EventType "swiss"]
[EventRounds "9"]
[EventCountry "GER"]
[SourceTitle "CBM 182 Extra"]
[Source "ChessBase"]
[SourceDate "2018.02.23"]
[SourceVersion "1"]
[SourceVersionDate "2018.02.23"]
[SourceQuality "1"]

1. d4 d6 2. e4 e5 3. Nf3 Nd7 4. c4 Ngf6 5. Nc3 g6 6. h3 Bg7 7. Be3 0-0 8. g4 Re8 9. d5 Nc5 10. Nd2 a5 11. Be2 c6 12. Rg1 cxd5 13. cxd5 b6 14. a4 Ba6 15. Bxa6 Rxa6 16. Qe2 Ra8 17. Rg3 Nfd7 18. Rc1 Nb8 19. b3 Nba6 20. Na2 Rc8 21. Kf1 Bf8 22. Kg2 Be7 23. g5 Rf8 24. h4 Qd7 25. h5 Rb8 26. Nc3 Nb4 27. Bxc5 bxc5 28. Nb5 f6 29. hxg6 fxg5 30. Qh5 Bf6 31. Nxd6 Qg7 32. gxh7+ Kh8 33. Nf5 Qa7 34. Nc4 Rb7 35. Rh1 Nc2 36. Ncd6 Rd7 37. Qg6 Qb8 38. Nc4 Qb4 39. d6 Ne1+ 40. Kf1 Nc2 41. Ne7 Bxe7 42. Rf3 Rfd8 43. dxe7 Rxe7 44. Qf6+ 1-0

[Event "Oberliga Wuerttemberg 1718"]
[Site "Wuerttemberg"]
[Date "2017.12.10"]
[Round "5"]
[White "Bader, Gerd"]
[Black "Namyslo, Holger"]
[Result "1/2-1/2"]
[WhiteElo "2058"]
[BlackElo "2255"]
[PlyCount "150"]
[EventDate "2017.09.17"]
[EventType "team-tourn"]
[EventRounds "9"]
[EventCountry "GER"]
[SourceTitle "EXT 2019"]
[Source "ChessBase"]
[SourceDate "2018.10.10"]
[SourceVersion "1"]
[SourceVersionDate "2018.10.10"]
[SourceQuality "1"]
[WhiteTeam "Schwaebisch Gmuend"]
[BlackTeam "Biberach"]
[WhiteTeamCountry "GER"]
[BlackTeamCountry "GER"]

1. Nf3 d5 2. d3 Nf6 3. Nbd2 e6 4. e4 b6 5. c3 Bb7 6. Qc2 Be7 7. Be2 0-0 8. 0-0 c5 9. Re1 Nc6 10. Bf1 Qc7 11. g3 Rac8 12. Bg2 Rfd8 13. exd5 Nxd5 14. a3 Qd7 15. Nc4 Bf6 16. Bg5 Qe7 17. Bxf6 Nxf6 18. a4 Ba6 19. Nfe5 Nxe5 20. Nxe5 Bb7 21. Bxb7 Qxb7 22. Qb3 Rd5 23. Rad1 Qc7 24. f4 Rcd8 25. Qc4 Nd7 26. Nf3 h6 27. Re3 Qb7 28. Rde1 a6 29. d4 Nf6 30. Qe2 Qd7 31. Qxa6 Ng4 32. Re4 Qc6 33. Qb5 Qc7 34. Qe2 cxd4 35. Nxd4 Nf6 36. Re5 Qc5 37. Rxd5 Nxd5 38. Qb5 Ra8 39. Qxc5 bxc5 40. Nb3 c4 41. Nd2 Rxa4 42. Re4 Nb6 43. Rd4 Ra2 44. Nxc4 Nxc4 45. Rxc4 Rxb2 46. Rc8+ Kh7 47. Rc6 Kg6 48. g4 Rc2 49. h4 Kf6 50. f5 Ke5 51. fxe6 fxe6 52. Rc7 g5 53. hxg5 hxg5 54. Rc5+ Kf4 55. Rc4+ Kf3 56. Rc6 e5 57. Rf6+ Kxg4 58. Rc6 e4 59. c4 Kf3 60. Rf6+ Kg3 61. Kf1 Rxc4 62. Ke2 Rc3 63. Re6 e3 64. Re8 g4 65. Re7 Kg2 66. Re8 g3 67. Re7 Kg1 68. Re8 g2 69. Rf8 Rc1 70. Rf7 Rf1 71. Rh7 Rf2+ 72. Ke1 Ra2 73. Rh8 e2 74. Rg8 Kh2 75. Rxg2+ Kxg2 1/2-1/2

[Event "Oberliga Wuerttemberg 1617"]
[Site "Wuerttemberg"]
[Date "2017.04.02"]
[Round "10.7"]
[White "Schwab, Matthias"]
[Black "Bader, Gerd"]
[Result "1/2-1/2"]
[WhiteElo "2171"]
[BlackElo "2071"]
[PlyCount "81"]
[EventDate "2016.09.25"]
[EventType "team-tourn"]
[EventRounds "11"]
[EventCountry "GER"]
[SourceTitle "EXT 2019"]
[Source "ChessBase"]
[SourceDate "2018.10.10"]
[SourceVersion "1"]
[SourceVersionDate "2018.10.10"]
[SourceQuality "1"]
[WhiteTeam "Boeblingen"]
[BlackTeam "Schwaebisch Gmuend"]
[WhiteTeamCountry "GER"]
[BlackTeamCountry "GER"]

1. d4 d6 2. e4 Nf6 3. Nc3 e5 4. Nf3 Nbd7 5. Bc4 Be7 6. 0-0 0-0 7. a4 c6 8. Re1 b6 9. d5 Bb7 10. dxc6 Bxc6 11. Bg5 h6 12. Bxf6 Nxf6 13. Nd5 Bxd5 14. Bxd5 Rc8 15. Bb3 Nd7 16. c3 Nc5 17. Bd5 Kh8 18. Qc2 Qc7 19. Re3 Nd7 20. Rd1 Nf6 21. Red3 Nh5 22. g3 Rcd8 23. Qb3 Kg8 24. Qc2 Qc8 25. Qe2 Qh3 26. Kh1 Nf6 27. Ng1 Qd7 28. b3 Qc7 29. c4 Nd7 30. Nf3 Nc5 31. Rc3 a5 32. Ne1 Kh8 33. Nc2 Qd7 34. Ne3 g6 35. Ng4 h5 36. Ne3 Bg5 37. Nc2 Qh3 38. Ne3 Bxe3 39. Qxe3 Kg7 40. f4 f6 41. Kg1 1/2-1/2

[Event "Oberliga Wuerttemberg 1617"]
[Site "Wuerttemberg"]
[Date "2016.11.13"]
[Round "4.8"]
[White "Loehr, Markus"]
[Black "Bader, Gerd"]
[Result "1/2-1/2"]
[WhiteElo "2208"]
[BlackElo "2071"]
[PlyCount "81"]
[EventDate "2016.09.25"]
[EventType "team-tourn"]
[EventRounds "11"]
[EventCountry "GER"]
[SourceTitle "EXT 2019"]
[Source "ChessBase"]
[SourceDate "2018.10.10"]
[SourceVersion "1"]
[SourceVersionDate "2018.10.10"]
[SourceQuality "1"]
[WhiteTeam "Schmiden Cannstatt"]
[BlackTeam "Schwaebisch Gmuend"]
[WhiteTeamCountry "GER"]
[BlackTeamCountry "GER"]

1. d4 d6 2. Nf3 g6 3. c4 Bg7 4. e4 Nd7 5. Nc3 e5 6. Be2 Ngf6 7. 0-0 0-0 8. Be3 Re8 9. d5 Nh5 10. g3 a5 11. Nd2 Nhf6 12. a3 Nc5 13. b4 axb4 14. axb4 Rxa1 15. Qxa1 Na6 16. Rb1 Ng4 17. Bxg4 Bxg4 18. c5 Nb8 19. Qa5 Bd7 20. Nb5 Bxb5 21. Qxb5 f5 22. cxd6 cxd6 23. Rc1 Qe7 24. Qb6 f4 25. gxf4 exf4 26. Bxf4 Be5 27. Qe3 Na6 28. Bxe5 Qxe5 29. f4 Qh5 30. Nc4 Qg4+ 31. Kh1 Qd7 32. Rg1 Nxb4 33. Qa3 Qe7 34. Qxb4 Qxe4+ 35. Rg2 Rc8 36. Qxd6 Qxc4 37. Qe6+ Kg7 38. Qe5+ Kg8 39. Qe6+ Kg7 40. Qe5+ Kg8 41. Qe6+ 1/2-1/2

[Event "Oberliga Wuerttemberg 1617"]
[Site "Wuerttemberg"]
[Date "2016.09.25"]
[Round "1.7"]
[White "Namyslo, Holger"]
[Black "Bader, Gerd"]
[Result "1-0"]
[WhiteElo "2269"]
[BlackElo "2071"]
[PlyCount "81"]
[EventDate "2016.09.25"]
[EventType "team-tourn"]
[EventRounds "11"]
[EventCountry "GER"]
[SourceTitle "EXT 2019"]
[Source "ChessBase"]
[SourceDate "2018.10.10"]
[SourceVersion "1"]
[SourceVersionDate "2018.10.10"]
[SourceQuality "1"]
[WhiteTeam "Biberach"]
[BlackTeam "Schwaebisch Gmuend"]
[WhiteTeamCountry "GER"]
[BlackTeamCountry "GER"]

1. e4 d6 2. d4 e5 3. Nf3 Nd7 4. Bc4 c6 5. c3 Ngf6 6. Qb3 Qe7 7. Ng5 d5 8. exd5 exd4+ 9. Kf1 cxd5 10. Bxd5 Nxd5 11. Qxd5 Nb6 12. Qxd4 Bf5 13. Qe3 0-0-0 14. Nd2 Qc7 15. Ngf3 Bd6 16. Nd4 Rhe8 17. Qf3 Bg6 18. h4 h5 19. b3 a6 20. a4 Be5 21. a5 Nd5 22. Nc4 Bxd4 23. cxd4 Re4 24. Bb2 f6 25. Rc1 Kb8 26. Nd2 Rf4 27. Rxc7 Rxf3 28. Rxb7+ Kxb7 29. Nxf3 Bc2 30. Nd2 Nb4 31. Rh3 Re8 32. Re3 Rxe3 33. fxe3 Kc6 34. e4 Bd3+ 35. Kf2 Kb5 36. Ke3 Bc2 37. d5 Kxa5 38. d6 Kb6 39. Ba3 a5 40. Nc4+ Kc6 41. Nxa5+ 1-0

[Event "Arber op 5th"]
[Site "Bodenmais"]
[Date "2016.08.06"]
[Round "8"]
[White "Hoffmann, Hendrik"]
[Black "Bader, Gerd"]
[Result "1-0"]
[WhiteElo "2330"]
[BlackElo "2066"]
[PlyCount "33"]
[EventDate "2016.07.30"]
[EventType "swiss"]
[EventRounds "9"]
[EventCountry "GER"]
[SourceTitle "CBM 173 Extra"]
[Source "ChessBase"]
[SourceDate "2016.08.29"]
[SourceVersion "1"]
[SourceVersionDate "2016.08.29"]
[SourceQuality "1"]

1. e4 e5 2. Nf3 d6 3. d4 Nd7 4. Bc4 c6 5. Ng5 Nh6 6. 0-0 Nb6 7. Bb3 Qe7 8. h3 f6 9. Nf3 g6 10. Be3 Nf7 11. a4 Bg7 12. a5 Nd7 13. Na3 0-0 14. Nc4 Kh8 15. dxe5 fxe5 16. Qd2 Nc5 17. Qb4 1-0

[Event "Arber op 5th"]
[Site "Bodenmais"]
[Date "2016.08.02"]
[Round "4"]
[White "Neis, Christian"]
[Black "Bader, Gerd"]
[Result "1/2-1/2"]
[WhiteElo "1946"]
[BlackElo "2066"]
[PlyCount "41"]
[EventDate "2016.07.30"]
[EventType "swiss"]
[EventRounds "9"]
[EventCountry "GER"]
[SourceTitle "CBM 173 Extra"]
[Source "ChessBase"]
[SourceDate "2016.08.29"]
[SourceVersion "1"]
[SourceVersionDate "2016.08.29"]
[SourceQuality "1"]

1. e4 e5 2. Nf3 Nc6 3. d4 exd4 4. Bc4 d6 5. Nxd4 Nf6 6. Nc3 Be7 7. f3 0-0 8. 0-0 Ne5 9. Be2 c6 10. f4 Ned7 11. Nf5 Nc5 12. Ng3 Re8 13. Be3 d5 14. e5 Nfe4 15. Ncxe4 Nxe4 16. Nxe4 dxe4 17. Qxd8 Bxd8 18. Rad1 Bb6 19. Bxb6 axb6 20. Bc4 Be6 21. Bxe6 1/2-1/2

[Event "Oberliga Wuerttemberg 1516"]
[Site "Wuerttemberg"]
[Date "2015.12.13"]
[Round "4.8"]
[White "Bader, Gerd"]
[Black "Scheeff, Volker"]
[Result "1/2-1/2"]
[WhiteElo "2002"]
[BlackElo "2119"]
[PlyCount "130"]
[EventDate "2015.09.20"]
[EventType "team-tourn"]
[EventRounds "9"]
[EventCountry "GER"]
[SourceTitle "EXT 2019"]
[Source "ChessBase"]
[SourceDate "2018.10.10"]
[SourceVersion "1"]
[SourceVersionDate "2018.10.10"]
[SourceQuality "1"]
[WhiteTeam "Schwaebisch Gmuend"]
[BlackTeam "Schmiden Cannstatt"]
[WhiteTeamCountry "GER"]
[BlackTeamCountry "GER"]

1. Nf3 d5 2. d3 Nf6 3. Nbd2 Bf5 4. Nh4 Bd7 5. g3 e5 6. Bg2 Bc5 7. 0-0 0-0 8. e4 dxe4 9. Nxe4 Nxe4 10. dxe4 Bb5 11. Qxd8 Rxd8 12. Re1 h6 13. Nf3 Nc6 14. c3 a5 15. Be3 Bxe3 16. Rxe3 Bc4 17. Bf1 Be6 18. Bb5 f6 19. Ba4 Kf8 20. Bb3 Bg4 21. Kg2 a4 22. Bc2 Na5 23. b3 b5 24. h3 Be6 25. Rb1 axb3 26. axb3 Nc6 27. Bd3 Rdb8 28. Re2 Ra3 29. Reb2 Na5 30. Nd2 b4 31. cxb4 Rxb4 32. Bc4 Nxc4 33. bxc4 Rxb2 34. Rxb2 Rc3 35. Rb8+ Ke7 36. Rb7 Kd6 37. Rb8 Rc2 38. c5+ Kxc5 39. Nf1 Rc4 40. Re8 Kd6 41. Kf3 Ra4 42. Ne3 c5 43. Rd8+ Kc6 44. Re8 Kd7 45. Rb8 Ra7 46. Rb5 c4 47. g4 Kc6 48. Rb8 c3 49. Ke2 Ra2+ 50. Kd3 Rxf2 51. Kxc3 Rf3 52. Kd2 Rxh3 53. Re8 Kd6 54. Ra8 Rg3 55. Ra7 g5 56. Rh7 Rh3 57. Ke2 Rh2+ 58. Kf3 Kc5 59. Kg3 Rb2 60. Rxh6 Kd4 61. Rxf6 Kxe3 62. Rxe6 Kxe4 63. Rf6 Ke3 64. Rf5 e4 65. Rxg5 Rb1 1/2-1/2

[Event "Wuerttemberg-ch MT"]
[Site "Stuttgart"]
[Date "2015.09.06"]
[Round "9"]
[White "Bader, Gerd"]
[Black "Gustain, Marc"]
[Result "1-0"]
[WhiteElo "2040"]
[BlackElo "2156"]
[PlyCount "35"]
[EventDate "2015.08.29"]
[EventType "swiss"]
[EventRounds "9"]
[EventCountry "GER"]
[SourceTitle "EXT 2017"]
[Source "ChessBase"]
[SourceDate "2016.10.25"]
[SourceVersion "1"]
[SourceVersionDate "2016.10.25"]
[SourceQuality "1"]

1. e4 c5 2. Nc3 a6 3. g3 b5 4. Bg2 Bb7 5. d3 e6 6. Nge2 Nf6 7. 0-0 Nc6 8. h3 b4 9. Na4 d5 10. exd5 Nxd5 11. c4 bxc3 12. bxc3 Be7 13. Rb1 Rb8 14. c4 Nf6 15. Rxb7 Rxb7 16. Bxc6+ Rd7 17. d4 cxd4 18. Qxd4 1-0

[Event "Wuerttemberg-ch MT"]
[Site "Stuttgart"]
[Date "2015.09.05"]
[Round "8"]
[White "Bader, Gerd"]
[Black "Schaffert, Walter"]
[Result "1/2-1/2"]
[WhiteElo "2040"]
[BlackElo "2091"]
[PlyCount "44"]
[EventDate "2015.08.29"]
[EventType "swiss"]
[EventRounds "9"]
[EventCountry "GER"]
[SourceTitle "EXT 2017"]
[Source "ChessBase"]
[SourceDate "2016.10.25"]
[SourceVersion "1"]
[SourceVersionDate "2016.10.25"]
[SourceQuality "1"]

1. Nf3 Nf6 2. d3 g6 3. e4 d6 4. Be2 Bg7 5. Nc3 c5 6. h3 Nc6 7. Be3 0-0 8. Qd2 Bd7 9. 0-0 a6 10. d4 cxd4 11. Nxd4 Rc8 12. Nf3 Na5 13. e5 dxe5 14. Nxe5 Nc6 15. Nxd7 Qxd7 16. Qxd7 Nxd7 17. Nd5 e6 18. Nf4 Nb4 19. Rad1 Nf6 20. c3 Nbd5 21. Bc1 Nxf4 22. Bxf4 Nd5 1/2-1/2

[Event "Wuerttemberg-ch MT"]
[Site "Stuttgart"]
[Date "2015.08.31"]
[Round "3"]
[White "Gabriel, Josef"]
[Black "Bader, Gerd"]
[Result "1-0"]
[WhiteElo "2094"]
[BlackElo "2040"]
[PlyCount "115"]
[EventDate "2015.08.29"]
[EventType "swiss"]
[EventRounds "9"]
[EventCountry "GER"]
[SourceTitle "EXT 2017"]
[Source "ChessBase"]
[SourceDate "2016.10.25"]
[SourceVersion "1"]
[SourceVersionDate "2016.10.25"]
[SourceQuality "1"]

1. e4 d6 2. d4 e5 3. Nf3 Nd7 4. Bc4 c6 5. 0-0 Be7 6. c3 Ngf6 7. Qe2 0-0 8. Rd1 Qc7 9. Bb3 a5 10. Nbd2 a4 11. Bc2 Re8 12. dxe5 dxe5 13. Nc4 b5 14. Ne3 Bc5 15. h3 Nf8 16. Nh4 Ng6 17. Nhf5 Be6 18. Qf3 Rad8 19. Rxd8 Rxd8 20. Ng4 Nxg4 21. Qxg4 Qd7 22. Qg3 Qc7 23. h4 Bxf5 24. exf5 Nf4 25. Qf3 f6 26. Be4 Qd6 27. Bxf4 exf4 28. Bxc6 Qd2 29. Bxb5 Qxb2 30. Bc4+ Kh8 31. Rf1 Qd2 32. Qc6 Ba3 33. Qxa4 Qxc3 34. Bb3 Bb2 35. Qxf4 h6 36. g3 Qc5 37. Qf3 Be5 38. Kg2 Qc8 39. Bd5 Qc5 40. Rd1 Rb8 41. Bb3 Qc7 42. Qd5 Kh7 43. Qe6 Qb7+ 44. Bd5 Qa7 45. Rd3 Rd8 46. Bb3 Bd4 47. g4 Qa8+ 48. Rf3 Be5 49. g5 hxg5 50. hxg5 Qe4 51. Qc4 Bd4 52. Qf7 Qg4+ 53. Rg3 Qe4+ 54. Kh2 Qh4+ 55. Rh3 Be5+ 56. Kg2 Qxh3+ 57. Kxh3 Rd3+ 58. Kg2 1-0

[Event "Bad Woerishofen op 31st"]
[Site "Bad Woerishofen"]
[Date "2015.03.03"]
[Round "5"]
[White "Arnold, Max"]
[Black "Bader, Gerd"]
[Result "1-0"]
[WhiteElo "2189"]
[BlackElo "2045"]
[PlyCount "39"]
[EventDate "2015.02.27"]
[EventType "swiss"]
[EventRounds "9"]
[EventCountry "GER"]
[SourceTitle "CBM 165 Extra"]
[Source "ChessBase"]
[SourceDate "2015.04.21"]
[SourceVersion "1"]
[SourceVersionDate "2015.04.21"]
[SourceQuality "1"]

1. e4 d6 2. d4 e5 3. dxe5 dxe5 4. Qxd8+ Kxd8 5. Bc4 f6 6. f4 Bd6 7. fxe5 Bxe5 8. Nf3 Nd7 9. Nc3 c6 10. Ne2 Nc5 11. Nxe5 fxe5 12. 0-0 Nf6 13. Bh6 Ne8 14. Rad1+ Bd7 15. Rf7 gxh6 16. b4 b5 17. bxc5 bxc4 18. Rfxd7+ Kc8 19. Rd8+ Kb7 20. Rb1+ 1-0

[Event "Staufer op-A 27th"]
[Site "Schwaebisch Gmuend"]
[Date "2015.01.06"]
[Round "9"]
[White "Smolny, Frieder"]
[Black "Bader, Gerd"]
[Result "1-0"]
[WhiteElo "2202"]
[BlackElo "2103"]
[PlyCount "51"]
[EventDate "2015.01.02"]
[EventType "swiss"]
[EventRounds "9"]
[EventCountry "GER"]
[SourceTitle "CBM 164 Extra"]
[Source "ChessBase"]
[SourceDate "2015.03.02"]
[SourceVersion "1"]
[SourceVersionDate "2015.03.02"]
[SourceQuality "1"]

1. d4 d6 2. Nf3 g6 3. g3 Bg7 4. Bg2 Nd7 5. c4 e5 6. Nc3 Ngf6 7. 0-0 0-0 8. Qc2 Re8 9. Rd1 c6 10. e4 Qc7 11. h3 a6 12. Be3 b6 13. Rac1 Bb7 14. a3 Rad8 15. b4 exd4 16. Nxd4 c5 17. Nd5 Qb8 18. bxc5 Nxc5 19. Rb1 Nfxe4 20. Rxb6 Qc8 21. Rdb1 Bxd5 22. cxd5 Qa8 23. Nc6 Rc8 24. Bxe4 Nxe4 25. Rb7 Nc5 26. Ra7 1-0

[Event "Wuerttemberg-ch KT"]
[Site "Gruenbach"]
[Date "2014.09.06"]
[Round "8"]
[White "Bader, Gerd"]
[Black "Schaffert, Walter"]
[Result "0-1"]
[WhiteElo "2011"]
[BlackElo "2083"]
[PlyCount "102"]
[EventDate "2014.08.30"]
[EventType "swiss"]
[EventRounds "9"]
[EventCountry "GER"]
[SourceTitle "EXT 2017"]
[Source "ChessBase"]
[SourceDate "2016.10.25"]
[SourceVersion "1"]
[SourceVersionDate "2016.10.25"]
[SourceQuality "1"]

1. Nf3 Nf6 2. d3 g6 3. e4 d6 4. g3 Bg7 5. Bg2 0-0 6. 0-0 c5 7. c3 Nc6 8. Re1 e5 9. Na3 Nh5 10. Be3 f5 11. exf5 Bxf5 12. Qb3+ Kh8 13. Qxb7 Na5 14. Qa6 Rb8 15. d4 Rxb2 16. dxe5 Be4 17. Ng5 Bxg2 18. Kxg2 Bxe5 19. Nc4 Nxc4 20. Qxc4 Qf6 21. Ne4 Qf3+ 22. Kg1 Nf6 23. Ng5 Qb7 24. Bxc5 h5 25. Rxe5 dxc5 26. Rxc5 Ng4 27. Ne4 Rb1+ 28. Rxb1 Qxb1+ 29. Qf1 Qxe4 30. Qd1 Qh1+ 31. Kxh1 Nxf2+ 32. Kg2 Nxd1 33. Rc7 Rf2+ 34. Kh3 Rxa2 35. Kh4 Ra6 36. Kg5 Ne3 37. c4 Kg8 38. h3 Kf8 39. g4 hxg4 40. hxg4 Ke8 41. Kf4 Nc2 42. Ke4 Nb4 43. Rb7 Nc6 44. Rg7 Ne7 45. Rh7 Kd7 46. Rg7 Rd6 47. Rf7 a5 48. Rf1 Nc6 49. Rf7+ Ke6 50. Rg7 Kf6 51. Rb7 Rd4+ 0-1

[Event "Arber op 2nd"]
[Site "Bayerisch Eisenstein"]
[Date "2013.07.05"]
[Round "7"]
[White "Medunova, Vera"]
[Black "Bader, Gerd"]
[Result "1-0"]
[WhiteElo "2133"]
[BlackElo "2026"]
[PlyCount "89"]
[EventDate "2013.06.29"]
[EventType "swiss"]
[EventRounds "9"]
[EventCountry "GER"]
[SourceTitle "CBM 155 Extra"]
[Source "ChessBase"]
[SourceDate "2013.08.26"]
[SourceVersion "1"]
[SourceVersionDate "2013.08.26"]
[SourceQuality "1"]

1. e4 d6 2. d4 Nf6 3. Nc3 Nbd7 4. Nf3 e5 5. h3 Be7 6. Bc4 0-0 7. 0-0 c6 8. dxe5 dxe5 9. a4 a5 10. Qe2 Qc7 11. Bd2 Nc5 12. Rad1 Be6 13. Bg5 Rad8 14. b3 Rxd1 15. Rxd1 Rd8 16. Bxe6 Rxd1+ 17. Qxd1 Nxe6 18. Bxf6 Bxf6 19. g3 Be7 20. Kg2 h6 21. Qd3 Bb4 22. Nd1 Qd6 23. Nb2 Qxd3 24. Nxd3 f6 25. Nxb4 axb4 26. Kf1 Kf7 27. Ke2 Ke7 28. Ke3 Kd6 29. Ne1 Nd4 30. Kd2 h5 31. Nd3 c5 32. Nb2 h4 33. Nc4+ Kc6 34. Ne3 hxg3 35. fxg3 Nf3+ 36. Kd3 Nd4 37. h4 b6 38. h5 Kd6 39. Nd5 Kc6 40. Nxf6 Ne6 41. Ne8 Kd7 42. Nxg7 Ng5 43. Nf5 Ke8 44. Nd6+ Kf8 45. Nc4 1-0